<?xml version="1.0" encoding="UTF-8"?>
<record
    xmlns:xsi="http://www.w3.org/2001/XMLSchema-instance"
    xsi:schemaLocation="http://www.loc.gov/MARC21/slim http://www.loc.gov/standards/marcxml/schema/MARC21slim.xsd"
    xmlns="http://www.loc.gov/MARC21/slim">

  <leader>00609nam a2200169Ia 4500</leader>
  <controlfield tag="008">140611s9999    xx            000 0 und d</controlfield>
  <datafield tag="020" ind1=" " ind2=" ">
    <subfield code="a">9789718740156</subfield>
  </datafield>
  <datafield tag="050" ind1=" " ind2=" ">
    <subfield code="a">LB 2366</subfield>
    <subfield code="b">.Al385 2013</subfield>
  </datafield>
  <datafield tag="100" ind1=" " ind2=" ">
    <subfield code="a">Alfarez, Merle S.</subfield>
  </datafield>
  <datafield tag="245" ind1=" " ind2=" ">
    <subfield code="a">Proficiency test I for incoming college students of TOP universities :</subfield>
    <subfield code="b">like UP, Ateneo, De La Salle, and UST /</subfield>
    <subfield code="c">Merle S Alfarez.</subfield>
  </datafield>
  <datafield tag="260" ind1=" " ind2=" ">
    <subfield code="a">Quezon City, Philippines :</subfield>
    <subfield code="b">MSA Publishing House,</subfield>
    <subfield code="c">c2013.</subfield>
  </datafield>
  <datafield tag="300" ind1=" " ind2=" ">
    <subfield code="a">23 p. :</subfield>
    <subfield code="b">ill. ;</subfield>
    <subfield code="c">22 cm.</subfield>
  </datafield>
  <datafield tag="500" ind1=" " ind2=" ">
    <subfield code="a">Answers keys.</subfield>
  </datafield>
  <datafield tag="650" ind1=" " ind2=" ">
    <subfield code="a">Examinations</subfield>
    <subfield code="x">College Students</subfield>
  </datafield>
  <datafield tag="650" ind1=" " ind2=" ">
    <subfield code="a">Examinations</subfield>
    <subfield code="x">Reviewer</subfield>
  </datafield>
  <datafield tag="999" ind1=" " ind2=" ">
    <subfield code="c">118424</subfield>
    <subfield code="d">118424</subfield>
  </datafield>
  <datafield tag="952" ind1=" " ind2=" ">
    <subfield code="0">0</subfield>
    <subfield code="1">0</subfield>
    <subfield code="4">0</subfield>
    <subfield code="a">LUX</subfield>
    <subfield code="b">LUX</subfield>
    <subfield code="c">TR</subfield>
    <subfield code="d">2014-06-11</subfield>
    <subfield code="g">60.00</subfield>
    <subfield code="l">1</subfield>
    <subfield code="o">LB 2366 .Al385 2013</subfield>
    <subfield code="p">19770</subfield>
    <subfield code="r">2017-10-25 00:00:00</subfield>
    <subfield code="s">2017-10-17</subfield>
    <subfield code="w">2014-06-11</subfield>
    <subfield code="y">BK</subfield>
  </datafield>
</record>
